| 000 | 00324nam a2200097Ia 4500 | ||
|---|---|---|---|
| 082 | _a796.334668|call | ||
| 245 | 0 | _aThe vuvuzela revolution : anatomy of South Africa's World Cup | |
| 100 |
_a Calland, Richard Auckland Park, South Africa, 2010 _961625 |
||
| 942 | _cBK | ||
| 008 | 210817s9999 xx 000 0 und d | ||
| 999 |
_c194243 _d194242 |
||